Statistics for Flags of the Countries that Start with A - Click Quiz

Click here to take the quiz!

General Stats

  • This quiz has been taken 5,809 times
  • The average score is 10 of 11

Answers on the Map

Answers color-coded by a green-red scale on the quiz's map according to % correct below.
 

Answer Stats

Answer% Correct
Argentina
95%
Australia
95%
Albania
91%
Antigua and
Barbuda
89%
Austria
89%
Andorra
87%
Azerbaijan
85%
Afghanistan
84%
Algeria
84%
Armenia
84%
Angola
83%

Score Distribution

Percentile by Number Answered

Percent of People with Each Score

Your Score History

You have not taken this quiz